100 Best Musicals - Statistics

General Stats
  • This quiz has been taken 3,426 times
    3,149 since last reset
  • The average score is 29 of 126
Answer Stats
Hint Answer % Correct
H Hamilton
76%
W Wicked
74%
C Cats
71%
C Chicago
68%
LM Les Miserables
66%
LK Lion King
66%
POTO Phantom of the Opera
66%
A Annie
61%
H Hair
60%
C Cabaret
58%
MM Mamma Mia
55%
WSS West Side Story
55%
H Hairspray
54%
SOM Sound of Music
54%
G Grease
51%
WOO Wizard of Oz
51%
O Oklahoma
50%
R Rent
50%
A Aladdin
48%
JCS Jesus Christ Superstar
47%
MP Mary Poppins
47%
BATB Beauty and the Beast
46%
BOM Book of Mormon
43%
ITW Into the Woods
43%
E Evita
42%
LSOH Little Shop of Horrors
42%
FOTR Fiddler on the Roof
41%
GAD Guys and Dolls
41%
MFL My Fair Lady
39%
O Oliver
38%
ACL A Chorus Line
37%
MR Moulin Rouge
37%
AQ Avenue Q
35%
SITR Singin' in the Rain
34%
ST Sweeney Todd
32%
C Cinderella
31%
MS Miss Saigon
30%
KB Kinky Boots
29%
FG Funny Girl
27%
JB Jersey Boys
26%
SP South Pacific
26%
AGYG Annie Get your Gun
25%
JATATD Joseph and the amazing technicolor Dreamcoat
25%
KAI King and I
25%
KMK Kiss Me Kate
25%
RHPS Rocky Horror Picture Show
25%
AG Anything Goes
23%
HD Hello Dolly
23%
C Carousel
22%
D Dreamgirls
21%
MM Music Man
21%
SE Starlight Express
21%
G Gypsy
20%
AFTHOTWTTF A Funny thing happened on the way to the Forum
19%
C Company
19%
CCBB Chitty Chitty Bang Bang
18%
HTSIBWRT How to Succeed in Business without really trying
17%
C Chess
16%
F Fame
16%
PP Peter Pan
16%
S Spamalot
16%
ALNM A Little Night Music
15%
BBB Bye Bye Birdie
15%
P Producers
15%
SBFSB Seven Brides for Seven Brothers
15%
SITPWG Sunday in the Park with George
15%
SB Sunset Boulevard
15%
WW&TCF Willy Wonka & the Chocolate Factory
15%
FSS 42nd Street
14%
G Godspell
14%
ATJ All that Jazz
13%
BB Blood Brothers
13%
C Camelot
13%
DD Dirty Dancing
13%
TMM Thoroughly Modern Millie
13%
SA Sister Act
12%
Y Yentl
12%
ASIB A Star is Born
11%
CJ Calamity Jane
11%
G Gigi
11%
MMISL Meet me in St. Louis
11%
OTT On the Town
11%
VV Victor Victoria
11%
M Mame
10%
MOLM Man of La Mancha
10%
PAB Porgy and Bess
10%
S Showboat
10%
SC Sweet Charity
10%
B Brigadoon
9%
HOND Hunchback of Notre Dame
8%
N Nine
8%
PYW Paint your Wagon
8%
POP Pirates of Penzance
8%
G Ghost
7%
JB Jungle Book
7%
LCAF La Cage aux Folles
7%
TH Top Hat
7%
WC White Christmas
7%
BM Bugsy Malone
6%
GPB Gentlemen prefer Blondes
6%
HS High Society
6%
ZF Ziegfeld Follies
6%
B Barnum
5%
FF Funny Face
5%
T Tommy
5%
BB Blues Brothers
4%
B Bodyguard
4%
C Candide
4%
EP Easter Parade
4%
F Fantasticks
4%
BIT Babes in Toyland
3%
FN Finding Neverland
3%
FMAMG For me and my gal
3%
HAS Half a Sixpence
3%
M Mikado
3%
NBC Nightmare before Christmas
3%
DD Doctor Dolittle
2%
FR Finian's Rainbow
2%
JS Jazz Singer
2%
S Scrooge
2%
SWD Shall we Dance
2%
CC Cotton Club
1%
HG Harvey Girls
1%
LJJ Little Johnny Jones
1%
SH Summer Holiday
1%
TNBLS There's no business like Showbusiness
1%
No matching quizzes found
Score Distribution
Percent of People with Each Score
Percentile by Number Answered
Your Score History
You have not taken this quiz since the last reset